| 000 | 00354pab a2200145 454500 | ||
|---|---|---|---|
| 008 | 180718b1985 xxu||||| |||| 00| 0 eng d | ||
| 100 | _aDowning, John | ||
| 245 | _aThe intersputnik system and Soviet television | ||
| 260 | _c1985 | ||
| 300 | _a465-83 | ||
| 362 | _aOct. | ||
| 650 | _aTelevision - U.S.S.R | ||
| 773 | _aSoviet Studies | ||
| 909 | _a19276 | ||
| 999 |
_c19276 _d19276 |
||